BARRONS HOW TO PREPARE FOR THE TOEFL [TEST OF A ENGLISH AS A FOREIEN LANGAUGE ] (Record no. 266086)

MARC details
000 -LEADER
fixed length control field 00411pam a2200145a 44500
008 - FIXED-LENGTH DATA ELEMENTS--GENERAL INFORMATION
fixed length control field 230405s xxu||||| |||| 00| 0 eng d
041 ## - LANGUAGE CODE
Language code of text/sound track or separate title ENG
100 ## - MAIN ENTRY--PERSONAL NAME
Personal name SHARPE PAMELA
245 ## - TITLE STATEMENT
Title BARRONS HOW TO PREPARE FOR THE TOEFL [TEST OF A ENGLISH AS A FOREIEN LANGAUGE ]
250 ## - EDITION STATEMENT
Edition statement 10 2001
260 ## - PUBLICATION, DISTRIBUTION, ETC.
Place of publication, distribution, etc. NEW DELHI
Name of publisher, distributor, etc. GALGOTIA PUBLICATION NEW DELHI
Date of publication, distribution, etc.
300 ## - PHYSICAL DESCRIPTION
Extent 704
650 ## - SUBJECT ADDED ENTRY--TOPICAL TERM
Topical term or geographic name entry element OFFICIAL & GENERAL
906 ## - LOCAL DATA ELEMENT F, LDF (RLIN)
a 647
Holdings
Withdrawn status Lost status Damaged status Not for loan Collection Home library Current library Date acquired Source of acquisition Cost, normal purchase price Total Checkouts Full call number Barcode Date last seen Price effective from Koha item type
          College of Pharmacy, Kolhapur College of Pharmacy, Kolhapur 11/09/2001 GOEL BOOK AGENCIES 320.00   428.24076 PCK-1618 19/04/2024 14/04/2023 Book